Digital logic and computer design / (Record no. 196047)
[ view plain ]
| 000 -LEADER | |
|---|---|
| fixed length control field | 01002 a2200193 4500 |
| 003 - CONTROL NUMBER IDENTIFIER | |
| control field | Nust |
| 005 - DATE AND TIME OF LATEST TRANSACTION | |
| control field | 20220815115508.0 |
| 010 ## - LIBRARY OF CONGRESS CONTROL NUMBER | |
| LC control number | 78021462 |
| 020 ## - INTERNATIONAL STANDARD BOOK NUMBER | |
| International Standard Book Number | 0132145103 : |
| 040 ## - CATALOGING SOURCE | |
| Transcribing agency | Nust |
| 082 00 - DEWEY DECIMAL CLASSIFICATION NUMBER | |
| Classification number | 621.38153,MAN |
| 100 1# - MAIN ENTRY--PERSONAL NAME | |
| Personal name | Mano, M. Morris, |
| 245 10 - TITLE STATEMENT | |
| Title | Digital logic and computer design / |
| Statement of responsibility, etc. | M. Morris Mano. |
| 260 ## - PUBLICATION, DISTRIBUTION, ETC. | |
| Place of publication, distribution, etc. | Englewood Cliffs, N.J. : |
| Name of publisher, distributor, etc. | Prentice-Hall, |
| Date of publication, distribution, etc. | c1979. |
| 300 ## - PHYSICAL DESCRIPTION | |
| Extent | xii, 612 p. : |
| Other physical details | ill. ; |
| Dimensions | 25 cm. |
| 505 ## - FORMATTED CONTENTS NOTE | |
| Formatted contents note | Binary Systems (Page-1), Boolean Algebra and Logic Gates (Page-34), Simplification of Boolean Functions (Page-72), Combinational Logic (Page-116), Combinational Logic with MSI and LSI (Page-154), Sequential Logic (Page-202), Registers Counters, and the Memory Unit (Page-256), Register Transfer Logic (Page-305), Processor Logic Design (Page-358), Control Logic Design (Page-407), Computer Design (Page-459), Microcomputer System Design (Page-499), Digital Integrated Circuits (Page-556). |
| 650 #0 - SUBJECT ADDED ENTRY--TOPICAL TERM | |
| Topical term or geographic name entry element | Telecommunication Engineering. |
| 942 ## - ADDED ENTRY ELEMENTS (KOHA) | |
| Source of classification or shelving scheme | |
| Koha item type | Reference |
| Withdrawn status | Lost status | Source of classification or shelving scheme | Damaged status | Not for loan | Collection code | Permanent Location | Current Location | Date acquired | Total Checkouts | Full call number | Barcode | Date last seen | Price effective from | Koha item type | Shelving location | Public note |
|---|---|---|---|---|---|---|---|---|---|---|---|---|---|---|---|---|
| Military College of Signals (MCS) | Military College of Signals (MCS) | 12/12/2016 | 621.38153 MAN | MCS182 | 12/08/2016 | 12/12/2016 | Book | |||||||||
| Military College of Signals (MCS) | Military College of Signals (MCS) | 12/12/2016 | 621.38153,MAN | MCS26744 | 12/08/2016 | 12/12/2016 | Reference | Reference | Almirah No.21, Shelf No.5 |
